000 00296nam a2200109Ia 4500
008 220216s9999 xx 000 0 und d
245 0 _aNR price boom : Happy days are back for growers. But for how long ?
260 _bRubber Asia
_c2004
300 _a77-82
650 _aRubber price
942 _cJS
999 _c64164
_d64164